| 000 | 00630nam a2200241Ia 4500 | ||
|---|---|---|---|
| 008 | 160803s9999 xx 000 0 und d | ||
| 020 | _a0 439365643 | ||
| 100 | _aKasza, Keiko | ||
| 245 | 4 | _aThe wolf's chicken stew / | |
| 245 | _cKeiko Kasza. | ||
| 260 | _aNew York : | ||
| 260 | _bScholastic Inc. | ||
| 260 | _c1987 | ||
| 300 | _a32 unnumbered pages : | ||
| 300 | _bcolor illustrations ; | ||
| 300 | _c25 cm | ||
| 500 | _aOriginally published: New York : Putnam & Grosset Book Group, c1987. | ||
| 650 | _aFiction. | ||
| 650 | _aWolves -- | ||
| 650 | _xChickens -- | ||
| 650 | _xFiction. | ||
| 700 | _a570 | ||
| 999 |
_c299034 _d299034 |
||